Normal view
MARC view
- Belanger F
Entry Personal Name
001 - CONTROL NUMBER
- control field: 21356
003 - CONTROL NUMBER IDENTIFIER
- control field: OSt
005 - DATE AND TIME OF LATEST TRANSACTION
- control field: 20220803172043.0
008 - FIXED-LENGTH DATA ELEMENTS
- fixed length control field: 220803|| aca||aabn | a|a d
040 ## - CATALOGING SOURCE
- Original cataloging agency: OSt
- Transcribing agency: OSt
100 ## - HEADING--PERSONAL NAME
- Personal name: Belanger F
670 ## - SOURCE DATA FOUND
- Source citation: Work cat.: (OSt)14114: Belanger F, Evaluation And Implementation Of Distance Learning : Technologies Tools And Techniques, 2000